|
|
|
|
| LEADER |
00938nam a2200241 a 4500 |
| 001 |
3923334 |
| 008 |
090602s1984 enka b 001 0 eng d |
| 010 |
|
|
|a 92023280
|
| 020 |
|
|
|a 0632020741
|
| 040 |
|
|
|a DLC
|c DLC
|d DLC
|
| 082 |
0 |
0 |
|a 636.5
|2 20
|
| 100 |
1 |
|
|a Sainsbury, David.
|
| 245 |
1 |
0 |
|a Poultry health and management :
|b chickens, turkeys, ducks /
|c David Sainsbury.
|
| 250 |
|
|
|a 2nd ed.
|
| 260 |
|
|
|a Oxford [England] ;
|a Boston :
|b Blackwell Scientific Publications ;
|a Lanham, MD :
|b UNIPUB, [distributor],
|c 1984.
|
| 300 |
|
|
|a 186 p. :
|b ill. ;
|c 24 cm.
|
| 504 |
|
|
|a Includes bibliographical references and index.
|
| 541 |
1 |
|
|e 00004197
|
| 650 |
|
0 |
|a Poultry.
|
| 650 |
|
0 |
|a Poultry
|x Health.
|
| 852 |
4 |
|
|a Ayesha Abed Library
|j General Shelf.
|
| 999 |
|
|
|c 1311
|d 1311
|
| 952 |
|
|
|0 0
|1 0
|2 ddc
|4 0
|6 636_500000000000000_SAI
|7 0
|9 1193
|a BRACUL
|b BRACUL
|c GEN
|d 2009-06-25
|g 0.00
|l 0
|o 636.5 SAI
|p 3010004197
|r 2009-06-25
|t 1
|w 2009-06-25
|y BK
|z Not price in Register
|